书目信息 |
| 书名: | 中华人民共和国国旗、国徽、国歌、首都 | |
| 作者: | 王传民编. | |
| 分册号: | ||
| 分册名: | 出版地: | 北京 : |
|
| 出版社: | 外文出版社 | |
| 出版时间: | 2003. | |
| 页数: | 41 p. ; | |
| 开本: | 20cm. | |
| 丛书名: | ||
| 中图分类号: | ||
| 科图分类号: | ||
| 其他分类号: | D621.6:H33 | |
| 主题词: | ||
| 电子资源: | ||
| 000 | 00393nam 2200145 a 4500 | |
| 001 | E0763114815 | |
| 005 | 20071001173340.81 | |
| 008 | 071001s2003 00010 eng | |
| 020 | @a978-7-119-03149-1. | |
| 040 | @aPFT@beng | |
| 090 | @aD621.6:H33 | |
| 099 | @dD621.6:H33@ex12 | |
| 245 | @a中华人民共和国国旗、国徽、国歌、首都 / @c王传民编. | |
| 260 | @a北京 :@b外文出版社,@c2003. | |
| 300 | @a41 p. ;@c20cm. | |
| 中华人民共和国国旗、国徽、国歌、首都 / / 王传民编.-北京 : : 外文出版社, , 2003. |
| 41 p. ; ; 20cm. |
| ISBN 978-7-119-03149-1. |
| ● |
| 相关链接 |
|
|
|
|
正题名:中华人民共和国国旗、国徽、国歌、首都
索取号:D621.6:H33/x12
 
预约/预借
| 序号 | 登录号 | 条形码 | 馆藏地/架位号 | 状态 | 备注 |
| 1 | 17513 | 300175138 | 第二样本阅览室/ [索取号:D621.6:H33/x12] | 在馆 | |
| 2 | 17514 | 300175147 | 第四借阅区/ [索取号:D621.6:H33/x12] | 在馆 | |
| 3 | 17515 | 300175156 | 第四借阅区/ [索取号:D621.6:H33/x12] | 在馆 |